000 01211nam a22002175i 4500
001 159316
003 ES-MaACL
005 20230906211537.0
008 940301m18491851sp |||| | spa d
040 _aAS
_bspa
100 1 _aMellado, Francisco de Paula.
_9129810
245 1 0 _aRecuerdos de un viage [sic] por España.
260 _aMadrid :
_b[s.n.],
_c1849-1851 (
_fEstablecimiento tipográfico de Mellado)
300 _a3 v. (2 h., 158 p., 1 h., 162 p., 1 h. grab., 11 h. de lám. ; 2 h., 170 p., 1 h., 145 p., 7 h. de lám. ; 1 h., 163 p., 142 p., 32 h. de lám.) ;
_c26 cm.
505 8 _aContiene: Primera y segunda parte: Castilla, León, Oviedo, Provincias Vascongadas, Asturias -- Tercera y cuarta parte: Galicia, Navarra, La Rioja, Aragón, Cataluña y Valencia -- Quinta y sexta parte: Andalucía, Estremadura [sic], Castilla la Nueva y Madrid
530 _aDisponible en formato digital.
593 _aEncabezamiento tomado de Palau, 160543.
852 _aES-MaACL
_jB-4926
_z-- Enc. pasta española
_z-- 3 t. en 1 v.
852 _aES-MaACL
_jR-1722-24
_z-- Enc. hol.
_x-- Olim: F-655-657
856 _uhttp://bdh-rd.bne.es/viewer.vm?id=0000012378&page=1
_zBiblioteca Digital Hispánica
999 _c159316
_d159316